000 00241nam a22001097a 4500
008 180730b xxu||||| |||| 00| 0 eng d
082 _a813.52
245 _aWorld History
_cEllis
300 _a1
_fCD
440 _x0131333666
942 _2ddc
_cMX
999 _c46681
_d46681